Esquerra Republicana de Catalunya (1931-1936) / M. Dolors Ivern i Salvà
ISBN:
84-7202-954-9
Descripción Física:
2 v., 48 p. de làm. ; 21 cm
Colección:
Biblioteca Abad Oliva ; 61, 72
MARC
| LEADER | 00000nam a2200000Ia 4500 | ||
|---|---|---|---|
| 001 | 15759, 15760 | ||
| 008 | 160829s1988 - 1989 xx 000 0 cat d | ||
| 020 | |a 84-7202-954-9 (o.c.), 84-7202-955-7 (v.1), 84-7202-999-9 (v.2) | ||
| 080 | |a M-4-317, M-4-318 | ||
| 100 | |a Ivern i Salvà, M. Dolors |9 34240 | ||
| 245 | |a Esquerra Republicana de Catalunya (1931-1936) / M. Dolors Ivern i Salvà | ||
| 260 | |a [Barcelona] : |b Publicacions de l'Abadia de Montserrat, |c 1988 - 1989 | ||
| 300 | |a 2 v., 48 p. de làm. ; |c 21 cm | ||
| 490 | |a Biblioteca Abad Oliva ; 61, 72 | ||
| 590 | |a Bibliografia. | ||
| 590 | |a Índex. | ||
| 650 | |a Esquerra Republicana de Catalunya |x Història |x 1931/1936 |9 34241 | ||
| 650 | |a Catalunya |x Política i govern |x 1931/1936 |9 34242 | ||
| 901 | |a Arxiu | ||
| 942 | |n 1 | ||
| 952 | |0 0 |1 0 |4 0 |6 M4317_M4318 |7 1 |9 46437 |a Arxiu |b Arxiu |d 2016-12-01 |l 0 |o M-4-317, M-4-318 |p 15759, 15760 |r 2016-12-01 00:00:00 |w 2016-12-01 |y ARXIU | ||
| 999 | |c 50222 |d 50222 | ||